[Event "Mechanics' Spring TNM; 30/90, SD/30"]
[Site "San Francisco"]
[Date "2010.03.16"]
[Round "1.13"]
[White "Allen, Tom"]
[Black "Grey, Peter"]
[Result "0-1"]
[WhiteElo "1547"]
[BlackElo "2007"]
[PlyCount "58"]
[EventDate "2010.??.??"]

1. e4 g6 2. d4 Bg7 3. Nc3 d6 4. f4 Nf6 5. Nf3 O-O 6. h3 c5 7. e5 Nfd7 8. Bc4
Nb6 9. Be2 cxd4 10. Qxd4 Nc6 11. Qe3 dxe5 12. Nxe5 Nxe5 13. fxe5 Qc7 14. b3
Qxe5 15. Qxe5 Bxe5 16. Bb2 Bg3+ 17. Kf1 Bf5 18. Bf3 Bxc2 19. Bxb7 Rab8 20. Be4
Bxe4 21. Nxe4 Bf4 22. Ke2 Bh6 23. Ba3 f5 24. Nc5 Rfd8 25. Rad1 Kf7 26. Kf3 e5
27. g4 e4+ 28. Ke2 Nd5 29. Bc1 Nc3+ 0-1

[Event "Mechanics' Spring TNM; 30/90, SD/30"]
[Site "San Francisco"]
[Date "2010.03.30"]
[Round "3.24"]
[White "Allen, Tom"]
[Black "Hilliard, Michael"]
[Result "1-0"]
[WhiteElo "1547"]
[BlackElo "1428"]
[PlyCount "81"]
[EventDate "2010.??.??"]

1. e4 c6 2. Nc3 d5 3. Nf3 dxe4 4. Nxe4 Nd7 5. d4 Ngf6 6. Nxf6+ Nxf6 7. Bc4 g6
8. Ne5 e6 9. O-O Bg7 10. c3 O-O 11. Bg5 h6 12. Bh4 Qb6 13. Qf3 Nd7 14. Be7 Nxe5
15. dxe5 Bxe5 16. Bxf8 Kxf8 17. Rfe1 Qc7 18. g3 b5 19. Bd3 Kg7 20. Re2 Bb7 21.
Qe4 Bf6 22. Qg4 Bc8 23. Qb4 e5 24. Be4 Be6 25. Qc5 Rc8 26. b3 Be7 27. Qe3 f5
28. Bg2 Bf6 29. Rd1 e4 30. f3 Bg5 31. Qd4+ Bf6 32. Qf2 Bxc3 33. fxe4 Rd8 34.
Rxd8 Qxd8 35. Qf1 Qb6+ 36. Kh1 a5 37. exf5 Bxf5 38. Re7+ Kf6 39. Qe2 Qc5 40.
Rc7 Qd4 41. Rxc6+ 1-0

[Event "Mechanics' Spring TNM; 30/90, SD/30"]
[Site "San Francisco"]
[Date "2010.04.13"]
[Round "5.23"]
[White "Allen, Tom"]
[Black "James, Charles"]
[Result "1-0"]
[WhiteElo "1547"]
[BlackElo "1305"]
[PlyCount "69"]
[EventDate "2010.??.??"]

1. e4 e6 2. d4 d5 3. Nd2 Nf6 4. e5 Nfd7 5. Bd3 c5 6. c3 Nc6 7. Ndf3 Qb6 8. Ne2
Be7 9. O-O f6 10. exf6 Nxf6 11. Ne5 Nd7 12. Nxd7 Bxd7 13. Qc2 c4 14. Bxh7 O-O-O
15. Nf4 Bd6 16. Re1 Rde8 17. Nh5 Re7 18. Bg5 Rf7 19. Bg6 Rxh5 20. Bxh5 Rf5 21.
h4 Ne7 22. Bg4 Rf8 23. g3 Nf5 24. Re2 e5 25. Bxf5 Bxf5 26. Qd2 Bd3 27. dxe5 Bc5
28. Re3 d4 29. Rxd3 cxd3 30. b4 dxc3 31. bxc5 Qxc5 32. Be3 Qxe5 33. Qxd3 c2 34.
Qxc2+ Kb8 35. Rd1 1-0

[Event "Mechanics' Spring TNM; 30/90, SD/30"]
[Site "San Francisco"]
[Date "2010.05.04"]
[Round "8.20"]
[White "Allen, Tom"]
[Black "Olson, David"]
[Result "1-0"]
[WhiteElo "1547"]
[BlackElo "1471"]
[PlyCount "29"]
[EventDate "2010.??.??"]

1. e4 e5 2. Nf3 f6 3. Nc3 c6 4. Nxe5 fxe5 5. Qh5+ g6 6. Qxe5+ Qe7 7. Qxh8 Nf6
8. d4 d6 9. Bg5 Nbd7 10. Be2 b6 11. Bg4 Qf7 12. Bxd7+ Nxd7 13. e5 dxe5 14. Ne4
Ba6 15. Nd6# 1-0

[Event "Mechanics' Spring TNM; 30/90, SD/30"]
[Site "San Francisco"]
[Date "2010.03.30"]
[Round "3.4"]
[White "Argishti, Dante"]
[Black "Fuentes, Romulo"]
[Result "1/2-1/2"]
[WhiteElo "2034"]
[BlackElo "2201"]
[PlyCount "80"]
[EventDate "2010.??.??"]

1. d4 Nf6 2. Bg5 Ne4 3. Bf4 c5 4. f3 Qa5+ 5. c3 Nf6 6. d5 e6 7. e4 Qb6 8. b3
exd5 9. exd5 d6 10. Bc4 Be7 11. Ne2 O-O 12. O-O Bf5 13. Ng3 Bg6 14. Re1 Qc7 15.
Nd2 b5 16. Bxb5 Nxd5 17. Qe2 Bf6 18. Qc4 Nxf4 19. Qxf4 Bxc3 20. Rac1 Bb2 21.
Rcd1 Bc2 22. Nde4 Bxd1 23. Rxd1 Bd4+ 24. Kh1 Be5 25. Qh4 Bxg3 26. hxg3 Nc6 27.
Rxd6 Ne5 28. Qh5 f6 29. f4 Ng6 30. Rd7 Qa5 31. Nxf6+ Rxf6 32. Qd5+ Kh8 33.
Qxa8+ Rf8 34. Qb7 Qc3 35. Rf7 Rd8 36. Rd7 Rf8 37. Bd3 Nxf4 38. Rf7 Rg8 39. Bxh7
Qxg3 40. Bxg8 Qe1+ 1/2-1/2

[Event "Mechanics' Spring TNM; 30/90, SD/30"]
[Site "San Francisco"]
[Date "2010.04.20"]
[Round "6.11"]
[White "Argishti, Dante"]
[Black "Kleiman, Charles"]
[Result "1/2-1/2"]
[WhiteElo "2034"]
[BlackElo "1742"]
[PlyCount "166"]
[EventDate "2010.??.??"]

1. c4 e5 2. Nc3 Nf6 3. d3 d5 4. cxd5 Nxd5 5. Qb3 c6 6. Nf3 Qd6 7. Bd2 Na6 8.
Ne4 Qc7 9. g3 h6 10. Bg2 Be6 11. Qa4 Be7 12. O-O O-O 13. Rac1 f5 14. Nc3 Nc5
15. Qd1 Nf6 16. b4 Ncd7 17. Nh4 Bxb4 18. Ng6 Rf7 19. Nb5 Qb6 20. Bxb4 Qxb5 21.
a3 Kh7 22. Nxe5 Qxe5 23. d4 Qc7 24. d5 Nxd5 25. Bxd5 Bxd5 26. Qxd5 Nb6 27. Qe6
Qd7 28. Qb3 Qd5 29. Qc3 Qe4 30. Rfe1 Nd5 31. Qb3 f4 32. Bc5 b6 33. f3 Qf5 34.
g4 Qe6 35. Bf2 c5 36. Rc4 Nc7 37. Qd3+ Qg6 38. Re4 Raf8 39. Rc1 Kh8 40. Rd1 Qc6
41. a4 Re8 42. Rxe8+ Nxe8 43. Qc4 Rd7 44. Rxd7 Qxd7 45. a5 Qd6 46. Kg2 Nc7 47.
Qe4 b5 48. Qb7 a6 49. Qc8+ Kh7 50. Qf5+ g6 51. Bxc5 gxf5 52. Bxd6 Nd5 53. gxf5
h5 54. Kf2 Kh6 55. h4 Kg7 56. Be5+ Kf7 57. Ke1 Ne3 58. Kf2 Nxf5 59. Bxf4 Nxh4
60. e4 Ng6 61. Bd6 Ke6 62. Bb4 Ne5 63. Ke3 Nc6 64. Be1 Kd6 65. f4 Kc5 66. f5
Kc4 67. Kf4 b4 68. Bxb4 Kxb4 69. f6 Nd8 70. Kg5 Kc4 71. Kxh5 Kd4 72. Kg6 Kxe4
73. f7 Ne6 74. Kf6 Nf8 75. Ke7 Nh7 76. Kd6 Kd4 77. Kc6 Ke5 78. Kb6 Kd6 79. Kxa6
Kc6 80. Ka7 Kc7 81. a6 Nf8 82. Ka8 Nh7 83. a7 Nf8 1/2-1/2

[Event "Mechanics' Spring TNM; 30/90, SD/30"]
[Site "San Francisco"]
[Date "2010.03.16"]
[Round "1.10"]
[White "Argishti, Dante"]
[Black "MacIntyre, Brendan"]
[Result "1-0"]
[WhiteElo "2034"]
[BlackElo "1670"]
[PlyCount "69"]
[EventDate "2010.??.??"]

1. c4 Nf6 2. d4 d5 3. cxd5 Qxd5 4. Nc3 Qa5 5. Bd2 Qb6 6. e3 Bf5 7. Na4 Qd6 8.
Qb3 Be4 9. f3 Bd5 10. Qc2 e5 11. e4 Bc6 12. dxe5 Qxe5 13. Bc3 Qg5 14. Bd2 Qe5
15. O-O-O Be7 16. Ne2 Bxa4 17. Qxa4+ c6 18. Bf4 Qc5+ 19. Kb1 O-O 20. Qb3 Na6
21. Qxb7 Rab8 22. Bxb8 Rxb8 23. Qxa6 Qe5 24. Rd2 Nxe4 25. fxe4 Bf6 26. Nd4 c5
27. Bc4 cxd4 28. Bd3 h5 29. Rc2 Bg5 30. Rc8+ Kh7 31. Rxb8 Qxb8 32. Qb5 Qf4 33.
Qf5+ g6 34. Qxf4 Bxf4 35. Rf1 1-0

[Event "Mechanics' Spring TNM; 30/90, SD/30"]
[Site "San Francisco"]
[Date "2010.05.04"]
[Round "8.19"]
[White "Barrow, Lyle"]
[Black "Cohee, James"]
[Result "1/2-1/2"]
[WhiteElo "1467"]
[BlackElo "1640"]
[PlyCount "83"]
[EventDate "2010.??.??"]

1. e4 c5 2. Nc3 e6 3. f4 d5 4. exd5 exd5 5. Bb5+ Bd7 6. Qe2+ Qe7 7. Bxd7+ Nxd7
8. Nxd5 Qxe2+ 9. Nxe2 O-O-O 10. b3 Ngf6 11. Ne3 Bd6 12. Bb2 Rhe8 13. O-O Bc7
14. Nc3 Nf8 15. Rad1 a6 16. g3 Ne6 17. Na4 Ne4 18. d3 Nf6 19. Bxf6 gxf6 20. c3
b5 21. Nb2 Bb6 22. Ng4 c4+ 23. d4 Nxd4 24. Kh1 Re2 25. cxd4 Bxd4 26. Nxc4 bxc4
27. bxc4 Rxa2 28. Rf3 Ba1 29. Rxd8+ Kxd8 30. Rf2 Rb2 31. Rxb2 Bxb2 32. Nf2 a5
33. Nd3 Bd4 34. Kg2 a4 35. Kf3 f5 36. Ke2 a3 37. Nb4 Kc7 38. h3 h5 39. Kd3 Bf2
40. Kc3 Bxg3 41. Kb3 Kb7 42. Nd5 1/2-1/2

[Event "Mechanics' Spring TNM; 30/90, SD/30"]
[Site "San Francisco"]
[Date "2010.03.16"]
[Round "1.17"]
[White "Barrow, Lyle"]
[Black "Krasnov, Steven"]
[Result "0-1"]
[WhiteElo "1467"]
[BlackElo "1944"]
[PlyCount "48"]
[EventDate "2010.??.??"]

1. e4 c5 2. Nc3 d6 3. f4 Nc6 4. Bb5 Bd7 5. Bxc6 Bxc6 6. d3 g6 7. Nf3 Bg7 8. Bd2
e6 9. O-O b5 10. Rb1 Ne7 11. Kh1 O-O 12. Qe1 d5 13. Rf2 b4 14. Nd1 Qc7 15. e5
d4 16. b3 a5 17. Nb2 a4 18. Ra1 Ra6 19. Nc4 Rfa8 20. Qb1 Nf5 21. Rf1 Bd5 22.
Ng5 Qb7 23. Nf3 h5 24. Qb2 h4 {
Black has a huge advantage with only one piece traded after 25 moves.} 0-1

[Event "Mechanics' Spring TNM; 30/90, SD/30"]
[Site "San Francisco"]
[Date "2010.04.06"]
[Round "4.26"]
[White "Barrow, Lyle"]
[Black "Rosenstein, Perry"]
[Result "1/2-1/2"]
[WhiteElo "1467"]
[BlackElo "1529"]
[PlyCount "41"]
[EventDate "2010.??.??"]

1. e4 c5 2. Nc3 d6 3. Bb5+ Bd7 4. Bxd7+ Nxd7 5. f4 e6 6. Nf3 Ngf6 7. d3 Be7 8.
O-O O-O 9. Bd2 Re8 10. Kh1 Rc8 11. b3 a6 12. a4 a5 13. Nb5 Qb6 14. Qe1 Ra8 15.
e5 dxe5 16. Nxe5 Nxe5 17. Qxe5 Red8 18. Qc7 Qxc7 19. Nxc7 Ra7 20. Nb5 Raa8 21.
Nc7 1/2-1/2

[Event "Mechanics' Spring TNM; 30/90, SD/30"]
[Site "San Francisco"]
[Date "2010.03.16"]
[Round "1.24"]
[White "Beilin, Allan"]
[Black "Blum, Paul"]
[Result "1-0"]
[WhiteElo "1808"]
[BlackElo "629"]
[PlyCount "41"]
[EventDate "2010.??.??"]

1. e4 c5 2. Nf3 Nc6 3. d4 cxd4 4. Nxd4 Nxd4 5. Qxd4 Nf6 6. e5 Nh5 7. g4 Qc7 8.
Nc3 e6 9. gxh5 Bc5 10. Qf4 a5 11. Nb5 Qb6 12. Nd6+ Bxd6 13. exd6 O-O 14. Rg1
Re8 15. Qf6 g6 16. Bh6 Qb4+ 17. c3 Qe4+ 18. Be2 Qe5 19. Qxe5 f6 20. Qxf6 Re7
21. Qf8# 1-0

[Event "Mechanics' Spring TNM; 30/90, SD/30"]
[Site "San Francisco"]
[Date "2010.04.13"]
[Round "5.9"]
[White "Beilin, Allan"]
[Black "Gaffagan, Steven"]
[Result "0-1"]
[WhiteElo "1808"]
[BlackElo "2020"]
[PlyCount "54"]
[EventDate "2010.??.??"]

1. e4 c5 2. Nf3 e6 3. d4 cxd4 4. Nxd4 a6 5. Bd3 Nf6 6. c4 Qc7 7. Nc3 Bc5 8. Nb3
Be7 9. O-O d6 10. Be3 Nbd7 11. f4 b6 12. g4 Nc5 13. Nxc5 bxc5 14. g5 Nd7 15.
Qh5 g6 16. Qh6 Bf8 17. Qh4 Bg7 18. Bd2 Bb7 19. Bc2 h6 20. Qg3 O-O-O 21. h4 hxg5
22. hxg5 Rh7 23. Kg2 f5 24. Rh1 Rxh1 25. Rxh1 fxe4 26. Bxe4 Bxc3 27. Bxb7+
Qxb7+ 0-1

[Event "Mechanics' Spring TNM; 30/90, SD/30"]
[Site "San Francisco"]
[Date "2010.03.30"]
[Round "3.8"]
[White "Beilin, Allan"]
[Black "Krasnov, Steven"]
[Result "1-0"]
[WhiteElo "1808"]
[BlackElo "1944"]
[PlyCount "115"]
[EventDate "2010.??.??"]

1. e4 e6 2. d4 d5 3. e5 c5 4. c3 Bd7 5. Nf3 Qb6 6. Be2 Nc6 7. a3 Nh6 8. b4 cxd4
9. cxd4 Nf5 10. Be3 Be7 11. O-O O-O 12. Nc3 f6 13. exf6 Bxf6 14. Na4 Qd8 15.
Nc5 Bc8 16. Rc1 Qe7 17. b5 Nd8 18. Qa4 Nf7 19. b6 a6 20. Nd3 Bd7 21. Qb3 Rfc8
22. Rc5 N7d6 23. Nfe5 Ne4 24. Rc7 Rxc7 25. bxc7 Bc8 26. Rc1 b5 27. a4 Ned6 28.
Nf4 Ra7 29. Nc6 Qxc7 30. Nxa7 Qxa7 31. Qb4 Nc4 32. axb5 Bxd4 33. Bxd4 Qxd4 34.
g3 g5 35. Ng2 axb5 36. Qxb5 Nfd6 37. Qb4 Bd7 38. Ne3 Qd2 39. Qxd2 Nxd2 40. Rc7
Be8 41. Bg4 Bf7 42. Rc6 d4 43. Nc2 d3 44. Ne1 h5 45. Bxe6 Bxe6 46. Rxd6 Kf7 47.
Rxd3 Ne4 48. f3 Nf6 49. Kf2 Nd5 50. Ra3 Kf6 51. Nc2 Ke5 52. Ne3 Nf6 53. Ra5+
Nd5 54. Nxd5 Bxd5 55. Ke3 Ke6 56. f4 gxf4+ 57. Kxf4 Kd6 58. Rxd5+ 1-0

[Event "Mechanics' Spring TNM; 30/90, SD/30"]
[Site "San Francisco"]
[Date "2010.04.20"]
[Round "6.27"]
[White "Blum, Paul"]
[Black "Barrow, Lyle"]
[Result "0-1"]
[WhiteElo "629"]
[BlackElo "1467"]
[PlyCount "69"]
[EventDate "2010.??.??"]

1. d4 e6 2. e4 d5 3. e5 c5 4. Nf3 Nc6 5. c3 Bd7 6. Bd3 Qb6 7. O-O cxd4 8. cxd4
Nxd4 9. Nxd4 Qxd4 10. Re1 Qb6 11. Nc3 a6 12. b3 Bb4 13. Qc2 h6 14. a3 Be7 15.
Be3 Qc7 16. Rac1 Rc8 17. b4 Bd8 18. Bc5 Bg5 19. Bd6 Qd8 20. Rcd1 d4 21. Bc5
dxc3 22. Qxc3 Be7 23. Be4 Bxc5 24. bxc5 Qc7 25. Rc1 Ne7 26. Qf3 Bc6 27. Bxc6+
Qxc6 28. Qg3 O-O 29. Re3 Nf5 30. Rec3 Nxg3 31. Rxg3 Rcd8 32. h3 Rd5 33. Rf3
Rxe5 34. Rc4 Qxf3 35. gxf3 {and B went on to win} 0-1

[Event "Mechanics' Spring TNM; 30/90, SD/30"]
[Site "San Francisco"]
[Date "2010.03.23"]
[Round "2.26"]
[White "Blum, Paul"]
[Black "Nelson, Christopher"]
[Result "0-1"]
[WhiteElo "629"]
[BlackElo "1648"]
[PlyCount "42"]
[EventDate "2010.??.??"]

1. e4 e5 2. Nf3 Nc6 3. Bb5 g6 4. O-O Bg7 5. c3 d6 6. h3 Nf6 7. Re1 O-O 8. d4
Bd7 9. Ba4 Nh5 10. Nbd2 exd4 11. cxd4 Nxd4 12. Nxd4 Bxd4 13. Bc2 Qf6 14. Nf3
Bb6 15. Bg5 Qxb2 16. e5 Bf5 17. Bxf5 Qxf2+ 18. Kh1 Ng3+ 19. Kh2 Nxf5 20. Bf4
Nh4 21. Rf1 Qxg2# 0-1

[Event "Mechanics' Spring TNM; 30/90, SD/30"]
[Site "San Francisco"]
[Date "2010.03.23"]
[Round "2.9"]
[White "Byambaa, Uyanga"]
[Black "Argishti, Dante"]
[Result "0-1"]
[WhiteElo "1803"]
[BlackElo "2034"]
[PlyCount "82"]
[EventDate "2010.??.??"]

1. e4 e6 2. d4 d5 3. e5 c5 4. c3 Nc6 5. Nf3 Bd7 6. Be2 Nh6 7. Bxh6 gxh6 8. Nbd2
Qb6 9. Nb3 c4 10. Nbd2 Qxb2 11. Rc1 Qxa2 12. O-O Qa5 13. Qc2 Be7 14. Rb1 Qc7
15. Rb2 Na5 16. Rfb1 b6 17. Ne1 Bg5 18. Bh5 Bc6 19. Qd1 O-O-O 20. Nc2 Ba4 21.
g3 Rhg8 22. Qe2 Bxc2 23. Rxc2 Bxd2 24. Qxd2 Rg5 25. Bf3 Qe7 26. h4 Rg6 27. Bh5
Rgg8 28. Kh2 Qf8 29. Ra2 Nb3 30. Qc2 Rd7 31. Qb2 f5 32. Bd1 f4 33. Bxb3 cxb3
34. Qxb3 fxg3+ 35. fxg3 Rxg3 36. Qb5 Qf4 37. Qc6+ Kd8 38. Qa8+ Ke7 39. Rg2
Qxh4+ 40. Kg1 Rxg2+ 41. Kxg2 Qe4+ 0-1

[Event "Mechanics' Spring TNM; 30/90, SD/30"]
[Site "San Francisco"]
[Date "2010.04.06"]
[Round "4.10"]
[White "Byambaa, Uyanga"]
[Black "Liu, Daniel"]
[Result "1-0"]
[WhiteElo "1803"]
[BlackElo "1973"]
[PlyCount "69"]
[EventDate "2010.??.??"]

1. e4 c5 2. Nf3 Nc6 3. d4 cxd4 4. Nxd4 g6 5. Nxc6 bxc6 6. Qd4 Nf6 7. e5 Nd5 8.
c4 Nc7 9. e6 f6 10. exd7+ Bxd7 11. Be2 e5 12. Qh4 Bg7 13. O-O O-O 14. Re1 Qe7
15. Bf3 Ne6 16. Be3 g5 17. Qh5 f5 18. g4 f4 19. Be4 Rf6 20. Qxh7+ Kf7 21. Qh5+
Kf8 22. Qh7 fxe3 23. fxe3 Qf7 24. Nc3 Ke7 25. Qh3 Rf8 26. Qg3 Rf2 27. b4 Rb2
28. Rf1 Qg8 29. h4 Rxb4 30. Bd3 gxh4 31. Qxh4+ Kd6 32. g5 Rbb8 33. g6 Qh8 34.
Ne4+ Kc7 35. Qe7 {Black is winning but eventually lost.} 1-0

[Event "Mechanics' Spring TNM; 30/90, SD/30"]
[Site "San Francisco"]
[Date "2010.04.13"]
[Round "5.6"]
[White "Byambaa, Uyanga"]
[Black "Manvelyan, Hayk"]
[Result "0-1"]
[WhiteElo "1803"]
[BlackElo "2094"]
[PlyCount "72"]
[EventDate "2010.??.??"]

1. e4 e6 2. d4 d5 3. e5 c5 4. c3 Nc6 5. Nf3 Qb6 6. a3 cxd4 7. cxd4 Nh6 8. Nc3
Nf5 9. Na4 Qd8 10. g4 Nh4 11. Be3 Qa5+ 12. Nc3 Nxf3+ 13. Qxf3 Bd7 14. Bb5 Nxe5
15. Bxd7+ Nxd7 16. Bf4 Be7 17. O-O O-O 18. Rfe1 Bf6 19. Qd3 Qb6 20. Rad1 g6 21.
Re3 Rac8 22. Rh3 Rc4 23. Ne2 Rfc8 24. Bd2 Bxd4 25. b3 Bxf2+ 26. Kf1 Ne5 27. Qb1
Rxg4 28. Qb2 Nc4 29. Qf6 Nxd2+ 30. Rxd2 Bc5 31. Rxh7 Kxh7 32. Rd3 Be3 33. Qxf7+
Kh6 34. Qf3 Rc1+ 35. Nxc1 Rf4 36. Ke2 Rxf3 0-1

[Event "Mechanics' Spring TNM; 30/90, SD/30"]
[Site "San Francisco"]
[Date "2010.04.27"]
[Round "7.12"]
[White "Byambaa, Uyanga"]
[Black "Shakhnazarov, Oleg"]
[Result "1-0"]
[WhiteElo "1803"]
[BlackElo "2208"]
[PlyCount "73"]
[EventDate "2010.??.??"]

1. e4 c5 2. Nf3 e6 3. d4 cxd4 4. Nxd4 a6 5. Bd3 Be7 6. O-O d6 7. Be3 Nd7 8. c3
Ngf6 9. Nd2 Ne5 10. Be2 h5 11. h3 Ng6 12. f4 e5 13. fxe5 dxe5 14. Nf5 Kf8 15.
Bc4 b5 16. Bb3 Bxf5 17. Rxf5 Qd3 18. Qe1 Nh4 19. Rxe5 Bd6 20. Bc5 Ng6 21. Bxd6+
Qxd6 22. Rf5 Re8 23. Qf2 Ne5 24. Qd4 Qc7 25. Re1 Rh6 26. Nf3 Nxf3+ 27. Rxf3 Rg6
28. e5 Qc6 29. Ref1 Kg8 30. exf6 Re2 31. Bxf7+ Kxf7 32. fxg7+ Ke6 33. Rf6+ Ke7
34. Rf7+ Ke8 35. Rf8+ Ke7 36. Qd8+ Ke6 37. Re8+ 1-0

[Event "Mechanics' Spring TNM; 30/90, SD/30"]
[Site "San Francisco"]
[Date "2010.03.30"]
[Round "3.23"]
[White "Campers, Willie"]
[Black "Barrow, Lyle"]
[Result "1-0"]
[WhiteElo "1686"]
[BlackElo "1467"]
[PlyCount "97"]
[EventDate "2010.??.??"]

1. e4 e6 2. d4 d5 3. Nc3 Nf6 4. Bg5 Be7 5. e5 Nfd7 6. h4 c5 7. Nb5 f6 8. Bf4
Qb6 9. Qg4 g6 10. O-O-O f5 11. Qg3 c4 12. Nd6+ Bxd6 13. exd6 Nc6 14. Ne2 Nf6
15. Be5 Ne4 16. Qf3 Nxe5 17. dxe5 Nxf2 18. Ng3 Nxh1 19. Nxh1 Bd7 20. c3 O-O-O
21. Nf2 Qa5 22. Kb1 Kb8 23. Nh3 Rc8 24. Nf4 Rc6 25. Ne2 Ra6 26. Nc1 Rb6 27. Rd2
Ba4 28. Be2 Bc6 29. Qe3 Ra6 30. Bd1 Ba4 31. Bxa4 Qxa4 32. Qg5 Qd7 33. g4 Qd8
34. Qh6 Qf8 35. Qg5 fxg4 36. Qxg4 Qf5+ 37. Qxf5 exf5 38. Rxd5 Kc8 39. Ne2 Kd7
40. Nd4 Re8 41. Rc5 Rc6 42. Nxc6 bxc6 43. Kc2 f4 44. Kd2 Rb8 45. Rxc4 Rxb2+ 46.
Ke1 Rxa2 47. Rxf4 Ke6 48. Rf6+ Kxe5 49. d7 1-0

[Event "Mechanics' Spring TNM; 30/90, SD/30"]
[Site "San Francisco"]
[Date "2010.04.13"]
[Round "5.22"]
[White "Campers, Willie"]
[Black "Hilliard, Michael"]
[Result "1-0"]
[WhiteElo "1686"]
[BlackElo "1428"]
[PlyCount "25"]
[EventDate "2010.??.??"]

1. e4 c6 2. d4 d5 3. e5 Bf5 4. Nf3 h6 5. Be2 e6 6. O-O c5 7. c3 cxd4 8. cxd4
Bb4 9. Qa4+ Nc6 10. Bb5 Qa5 11. Bxc6+ bxc6 12. Qxc6+ Ke7 13. Qxa8 1-0

[Event "Mechanics' Spring TNM; 30/90, SD/30"]
[Site "San Francisco"]
[Date "2010.03.16"]
[Round "1.9"]
[White "Campers, Willie"]
[Black "Manvelyan, Hayk"]
[Result "0-1"]
[WhiteElo "1686"]
[BlackElo "2094"]
[PlyCount "70"]
[EventDate "2010.??.??"]

1. e4 e6 2. d4 d5 3. Nc3 Bb4 4. e5 Qd7 5. Bd2 b6 6. a3 Be7 7. b4 Nc6 8. Qg4 Bf8
9. Nf3 f5 10. Qg3 Bb7 11. Bd3 O-O-O 12. O-O h6 13. Ne2 g5 14. c3 Be7 15. Ne1
Rf8 16. Nc1 f4 17. Qf3 h5 18. a4 g4 19. Qd1 f3 20. g3 h4 21. Bf4 Qe8 22. Qc2
Nh6 23. Bg6 Qd7 24. a5 Nf5 25. axb6 axb6 26. Nb3 Bd8 27. b5 Nb8 28. Qd3 Qg7 29.
Bxf5 Rxf5 30. Nc2 Rfh5 31. Rfd1 hxg3 32. Bxg3 Qh6 33. Kf1 Bh4 34. Qe3 Bg5 35.
Qd3 Rxh2 0-1

[Event "Mechanics' Spring TNM; 30/90, SD/30"]
[Site "San Francisco"]
[Date "2010.04.27"]
[Round "7.16"]
[White "Campers, Willie"]
[Black "Ramachandran, Jayakrishnan"]
[Result "0-1"]
[WhiteElo "1686"]
[BlackElo "1932"]
[PlyCount "78"]
[EventDate "2010.??.??"]

1. e4 e5 2. Nf3 Nc6 3. Bb5 a6 4. Ba4 Nf6 5. d3 d6 6. c3 Be7 7. O-O O-O 8. Re1
Ne8 9. Nbd2 g6 10. Nf1 Ng7 11. Bh6 Re8 12. Ne3 b5 13. Bb3 Na5 14. Bc2 c6 15. b4
Nb7 16. d4 Qc7 17. Bb3 Bf6 18. Qd3 Nh5 19. g3 Qe7 20. Nc2 Bg4 21. Re3 Be6 22.
d5 cxd5 23. exd5 Bf5 24. Qe2 Bg4 25. Qd2 Qc7 26. Rae1 Ng7 27. Ncd4 exd4 28.
Nxd4 Bd7 29. Nc6 Nf5 30. Rxe8+ Rxe8 31. Bf4 Bxc6 32. dxc6 Qxc6 33. Rd1 Re7 34.
Bd5 Qxc3 35. Bxb7 Qxd2 36. Rxd2 Rxb7 37. Bxd6 Rd7 38. Bf4 Rxd2 39. Bxd2 Nd4 0-1

[Event "Mechanics' Spring TNM; 30/90, SD/30"]
[Site "San Francisco"]
[Date "2010.04.13"]
[Round "5.24"]
[White "Capdeville, Barry"]
[Black "Barrow, Lyle"]
[Result "1-0"]
[WhiteElo "1146"]
[BlackElo "1467"]
[PlyCount "49"]
[EventDate "2010.??.??"]

1. e4 e6 2. d4 d5 3. Nd2 Nf6 4. e5 Nfd7 5. f4 c5 6. c3 Nc6 7. Ndf3 Qb6 8. Ne2
Be7 9. b3 f6 10. g3 fxe5 11. fxe5 cxd4 12. cxd4 Nf8 13. Bg2 Ng6 14. O-O Ncxe5
15. Nxe5 Nxe5 16. Kh1 Nf7 17. Nf4 Bf6 18. Be3 O-O 19. Nh5 Be7 20. Qg4 g6 21.
Nf6+ Bxf6 22. Rxf6 Kg7 23. Qh4 Qd8 24. Raf1 h5 25. Rxf7+ 1-0

[Event "Mechanics' Spring TNM; 30/90, SD/30"]
[Site "San Francisco"]
[Date "2010.03.16"]
[Round "1.23"]
[White "Capdeville, Barry"]
[Black "Leavens, Weston"]
[Result "0-1"]
[WhiteElo "1146"]
[BlackElo "1836"]
[PlyCount "42"]
[EventDate "2010.??.??"]

1. e4 e6 2. d4 d5 3. Nd2 Nf6 4. e5 Nfd7 5. Bd3 c5 6. c3 Nc6 7. Ndf3 cxd4 8. Bf4
dxc3 9. bxc3 f6 10. exf6 Nxf6 11. Ne2 Bc5 12. O-O O-O 13. Qc2 Qe8 14. Ne5 Nxe5
15. Bxe5 Qh5 16. Bg3 e5 17. Qd2 Bd7 18. Kh1 Ng4 19. f3 Ne3 20. Rfe1 Nxg2 21.
Reb1 Bh3 0-1

[Event "Mechanics' Spring TNM; 30/90, SD/30"]
[Site "San Francisco"]
[Date "2010.03.30"]
[Round "3.25"]
[White "Capdeville, Barry"]
[Black "Rosenstein, Perry"]
[Result "1-0"]
[WhiteElo "1146"]
[BlackElo "1529"]
[PlyCount "76"]
[EventDate "2010.??.??"]

1. e4 c5 2. d4 cxd4 3. c3 dxc3 4. Nxc3 Nc6 5. Nf3 e6 6. Bc4 d6 7. O-O Nge7 8.
Be3 Ng6 9. Qe2 Be7 10. Rfd1 O-O 11. Rac1 a6 12. a3 Bd7 13. Ba2 b5 14. b4 Rc8
15. Qd2 h6 16. Ne2 Nce5 17. Nxe5 Nxe5 18. Rxc8 Bxc8 19. Qc3 Ng4 20. Bf4 e5 21.
Bg3 Bh4 22. Qf3 Bxg3 23. Nxg3 Nf6 24. Nf5 Bxf5 25. Qxf5 Qc7 26. Qf3 Qc2 27. Bb3
Qc7 28. Qe3 Rc8 29. h3 Qc3 30. Rd3 Qc1+ 31. Qxc1 Rxc1+ 32. Kh2 Nxe4 33. f3 Nf2
34. Rxd6 Rh1+ 35. Kg3 Rb1 36. Bc2 Nh1+ 37. Kh2 f5 38. Bxb1 Nf2 1-0

[Event "Mechanics' Spring TNM; 30/90, SD/30"]
[Site "San Francisco"]
[Date "2010.04.27"]
[Round "7.4"]
[White "Chen, Mingson"]
[Black "Gaffagan, Steven"]
[Result "0-1"]
[WhiteElo "1923"]
[BlackElo "2020"]
[PlyCount "106"]
[EventDate "2010.??.??"]

1. d4 Nf6 2. c4 g6 3. Nc3 Bg7 4. e4 d6 5. f3 O-O 6. Be3 Nbd7 7. Qd2 e5 8. Nge2
a6 9. d5 h5 10. Bg5 Qe8 11. Nc1 Nh7 12. Be3 f5 13. Nb3 Ndf6 14. Bd3 Bd7 15.
O-O-O Kh8 16. h3 f4 17. Bf2 g5 18. c5 h4 19. Kb1 Rf7 20. cxd6 cxd6 21. Na5 b5
22. b4 Bf8 23. Rc1 Be7 24. Rc2 Rc8 25. Rhc1 Rf8 26. Ne2 Qf7 27. Nc6 Rfe8 28.
Rc3 Bf8 29. Qc2 Bxc6 30. Rxc6 Ra8 31. Bb6 Nd7 32. Rc7 Nhf6 33. Qc6 Reb8 34. Bf2
Rd8 35. Rc3 Ne8 36. Ra7 Rxa7 37. Bxa7 Ndf6 38. Bb6 Rb8 39. Nc1 Qb7 40. Qxb7
Rxb7 41. Rc6 Kg8 42. Nb3 Nd7 43. Bf2 Rc7 44. Rxa6 g4 45. hxg4 Rc3 46. Bxb5 h3
47. gxh3 Rxf3 48. Bxd7 Rxf2 49. Bxe8 Re2 50. Bb5 Rxe4 51. Rc6 Rxb4 52. Bf1 Re4
53. Kb2 Bg7 {Both players quit keeping score at this point where White is
clearly winning. He later lost his way because of time pressure and lost.} 0-1

[Event "Mechanics' Spring TNM; 30/90, SD/30"]
[Site "San Francisco"]
[Date "2010.04.06"]
[Round "4.12"]
[White "Chen, Mingson"]
[Black "Kleiman, Charles"]
[Result "1/2-1/2"]
[WhiteElo "1923"]
[BlackElo "1742"]
[PlyCount "95"]
[EventDate "2010.??.??"]

1. g3 g6 2. Bg2 Bg7 3. Nf3 c5 4. O-O Nc6 5. d3 e5 6. c4 Nge7 7. Nc3 d6 8. Rb1
Bg4 9. a3 a5 10. Ne1 Qd7 11. Nc2 Bh3 12. b4 h5 13. bxc5 dxc5 14. Ne4 Bxg2 15.
Kxg2 Nd8 16. h4 Qc6 17. Kh2 Ne6 18. Ne3 O-O 19. Nc3 Nc7 20. Qb3 Rab8 21. Ned5
Ncxd5 22. cxd5 Qd6 23. Ne4 Qxd5 24. Qxd5 Nxd5 25. Nxc5 Nc3 26. Rb3 Nxe2 27. Be3
Rfd8 28. Rfb1 Bf8 29. Nxb7 a4 30. Rb6 Rxd3 31. Nc5 Rxb6 32. Rxb6 Rxa3 33. Rb8
Kg7 34. Nd7 Be7 35. Re8 Bd6 36. Bg5 Rf3 37. Kg2 Rf5 38. Ra8 a3 39. Ra6 Bb4 40.
Ra4 Nc3 41. Ra6 Nd5 42. Bc1 e4 43. Bxa3 Be1 44. Bc5 g5 45. Bd4+ f6 46. hxg5
Rxg5 47. Nxf6 Kf7 48. Nxe4 {Time pressure must have influenced the final
result as White still has excellent winning chances despite the reduced
material.} 1/2-1/2